00336nam a2200133Ia 4500008004100000020001500041041001200056082001600068100001600084245005400100260003300154300000800187650000700195221030s9999 xx 000 0 und d a8173190410 aEnglish a105.23bDub aG. K. Dubey 0aFundamentals of Electrical Drivescby G. K. Dubey bNarosa Pub.aNew Delhic1999 a394 aEE